Score 0/16 Timer 04:00
1 Play Today
Clue Word % Correct
Cry uncontrollablySob
94.8%
Lowest male vocal rangeBass
92.1%
Dangerously overweightObese
89.6%
OverseerBoss
86%
Center of operationsBase
79%
Swedish auto manufacturerSaab
78.8%
Largest city in IdahoBoise
77.6%
Physical or verbal mistreatmentAbuse
75%
Clue Word % Correct
PrejudiceBias
74.7%
Bottomless pitAbyss
69.6%
Foundation of an argumentBasis
63.6%
Worry or think about something constantlyObsess
62%
Actor Gary of 'Lethal Weapon'Busey
56.3%
A kiss, or an L.A. Lakers ownerBuss
55.6%
Wading bird with a curved-down billIbis
47.2%
Mother superior of an abbeyAbbess
43%

You're not logged in!

Compare scores with friends on all Sporcle quizzes.
OR
Log In

Sporcle TV

Today on Sporcle TV


Watch our educational content, quiz creation guides, and fun videos on Sporcle TV.

Show Comments

Extras

Top Quizzes Today


Score Distribution

Paid Content

Your Account Isn't Verified!

In order to create a playlist on Sporcle, you need to verify the email address you used during registration. Go to your Sporcle Settings to finish the process.

Report this User

Report this user for behavior that violates our Community Guidelines.

Details: